| 000 | 00850cam a2200253 a 4500 | ||
|---|---|---|---|
| 008 | |||
| 020 | _a0198501706 (hbk.) | ||
| 049 | _aMAIN | ||
| 090 | _aTP155.75 | ||
| 245 | 0 | 0 |
_aGreen chemistry : _bfrontiers in benign chemical syntheses and processes / _cedited by Paul T. Anastas and Tracy C. Williamson. |
| 260 |
_aOxford : _bOxford University Press, _c1998. |
||
| 300 |
_axvii, 364 p. : _bill. ; _c24 cm. |
||
| 500 | _aIncludes index. | ||
| 504 | _aIncludes bibliographical references. | ||
| 650 | 0 |
_aEnvironmental chemistry _xIndustrial applications. |
|
| 650 | 0 | _aEnvironmental management. | |
| 700 | 1 | _aAnastas, Paul T. | |
| 700 | 1 | _aWilliamson, Tracy C. | |
| 907 |
_a.b10027865 _b01-09-05 _c17-04-03 |
||
| 003 | |||
| 005 | 20230123133146.0 | ||
| 040 | _cNUST | ||
| 942 |
_cBOOKS _kTP155.75 |
||
| 999 |
_c143743 _d143743 |
||